Responses for Show #1274 - Thursday, March 1, 1990

Contestants

[<< previous game]

Kathy Rice, a computer specialist from Antioch, California

Jerry Fried, an artist originally from Lakewood, New Jersey

Deborah Hummel, a proofreader from York, Pennsylvania (whose 1-day cash winnings total $11,400)

[next game >>]

Jeopardy! Round responses

NICKNAMES
SONG LYRICS
TRANSPORTATION
CITY FLAGS
FANTASTIC FILMS
"TABLE"S
    $100 2
William Penn

Kathy
    $100 15
Cry

Kathy
    $100 11
(K: What is coal?)

Steam

DeborahKathy
    $100 26
The Alamo

Kathy
    $100 1
"Back To The Future"

Kathy
    $100 7
Table Tennis

Kathy
    $200 3
Scott Joplin

Kathy
    $200 20
Peter Cottontail

Deborah
    $200 12
Troika

Kathy
    $200 27
Chicago

Kathy
    $200 6
Godzilla

Kathy
    $200 18
Table of Contents

Kathy
    $300 4
Jimmy Durante

Kathy
    $300 22
(A: "Frankie & Johnny were lovers" & you have to remember which one was the woman: Frankie.)

Frankie

Triple Stumper
    $300 14
Autobahn

Jerry
    $300 28
St. Louis

Deborah
    $300 8
"The Man With Two Brains"

Jerry
    $300 19
Table Hopping

Jerry
    $400 5
Harry Houdini

Jerry
    $400 23
The Wabash

Kathy
    $400 16
Sampan

Kathy
    $400 29
Memphis

Deborah
    $400 9
Time Machine

Deborah
    $400 21
Turn the Tables

Jerry
    $500 13
Emily Dickinson

Deborah
    $500 25
(A: And we have a 3-way tie at $2200)

Almost Heaven

Deborah
    $500 17
(A: Should be in "Ripley's"!)

Henry Ford

Triple Stumper
    $500 30
Salt Lake City

Deborah
    $500 10
"A Clockwork Orange"

Deborah
    $500 24
Drink him under the table

Jerry

Scores at the first commercial break (after clue 17):

Deborah Jerry Kathy
$1,500 $1,000 $1,600

Scores at the end of the Jeopardy! Round:

Deborah Jerry Kathy
$3,400 $2,200 $2,500

Double Jeopardy! Round responses

PRESIDENTIAL TRIVIA
1984
AMERICAN PLAYS
MAGAZINES
MUSICAL INSTRUMENTS
CHAIRS
    $200 3
(D: Who is Thomas Jefferson?)

George Washington

DeborahJerry
    $200 12
"Doonesbury"

Jerry
    $200 21
Central Park

Deborah
    $200 2
Parents' Magazine

Kathy
    $200 1
Viola

Deborah
    $200 23
Long Chair

Jerry
    $400 14
Benjamin Harrison

Kathy
    $400 13
Isaac Asimov

Kathy
    $800 22
"The Glass Menagerie"

Deborah
    $400 6
Space

Jerry
    $400 4
A Drummer

Jerry
    $400 28
Deck Chair

Jerry
    $600 15
Margaret Thatcher

Kathy
    $600 18
Vanessa Redgrave

Jerry
    $600 24
(A: We have less than a minute to go in the round, Jerry...)

"Green Grow The Lilacs"

Triple Stumper
    $600 9
Us

Jerry
    $600 5
Player Piano

Deborah
    $1,500 16
(A: Is it hard work, Kathy, or are you having fun?)
(K: Well, sort of having fun!)

Cleveland, Garfield, Grant, JFK, Pierce, Polk & Teddy Roosevelt

Kathy
    $800 19
Zia Ul-Haq

Kathy
    $800 29
[The end-of-round signal sounds.]
(Alex: Jerry, you won't get a chance to pick anything else, and we almost had a 3-way tie for the end of Double Jeopardy!)

Edward Albee

Triple Stumper
    $800 10
Newsweek

Kathy
    $800 7
(K: What is a lute?)
(J: What is a psalterine?)
(A: No, we can't accept that, it's a ....)

Psalterion

JerryKathy
Triple Stumper
    $800 27
Ladder-Back Chair

Deborah
    $1000 17
Buchanan & Lincoln (1860-1861)

Triple Stumper
    $1000 20
Werner Erhardt

Jerry
    $1000 25
William Inge

Triple Stumper
    $1000 11
Jean Nidetch

Jerry
    $1000 8
(A: Zamfir did the same thing, by the way!)

Reeds

Deborah
    $1000 26
Eero Saarinen

Triple Stumper

Scores at the end of the Double Jeopardy! Round:

Deborah Jerry Kathy
$6,800 $6,400 $6,400

[wagering suggestions for these scores]

Final Jeopardy! Round responses

WORLD HISTORY
(Alex: [Looking into the audience] Pardon? [*], of course. It was City, you weren't confused, were you, folks? Good, we'll see you tomorrow to wrap up the week here on Jeopardy! So long!)
JerryWhat is St. Augustine?
$6,400
KathyWhat is Barcelona?
$6,300
DeborahWhat is St. Augustine?
$6,001
Mexico City

Final scores:

Deborah Jerry Kathy
$799 $0 $100
2-day champion: $12,199 3rd place: Magnavox Movie Maker VHS Camcorder 2nd place: Trip to Bermuda

Game dynamics:

Coryat scores:

Deborah Jerry Kathy
$6,400 $6,400 $5,700
15 R
(including 2 DDs),
1 W
16 R,
1 W
20 R
(including 1 DD),
2 W

Combined Coryat: $18,500

[game clues] [game scores] [suggest correction]

Game tape date: 1989-10-11
The J! Archive is created by fans, for fans. Scraping, republication, monetization, and malicious use prohibited; this site may use cookies and collect identifying information. See terms. The Jeopardy! game show and all elements thereof, including but not limited to copyright and trademark thereto, are the property of Jeopardy Productions, Inc. and are protected under law. This website is not affiliated with, sponsored by, or operated by Jeopardy Productions, Inc. Join the discussion at JBoard.tv.